[Event "CRO-chT U20 25th"]
[Site "Sv Filip i Jakov"]
[Date "2016.03.25"]
[Round "8.4"]
[White "Udovicic, Dominik"]
[Black "Uran, Erik"]
[Result "1-0"]
[WhiteElo "1905"]
[BlackElo "1598"]
[PlyCount "27"]
[EventDate "2016.03.21"]
[EventType "team-tourn"]
[EventRounds "9"]
[EventCountry "CRO"]
[SourceTitle "CBM 171 Extra"]
[Source "ChessBase"]
[SourceDate "2016.04.26"]
[SourceVersion "1"]
[SourceVersionDate "2016.04.26"]
[SourceQuality "1"]

1. e4 e5 2. Nf3 Nc6 3. Bb5 a6 4. Ba4 Nf6 5. 0-0 Nxe4 6. d4 d5 7. Nxe5 Bd7 8. Nxd7 Qxd7 9. Re1 Be7 10. c4 Nf6 11. Nc3 dxc4 12. d5 b5 13. dxc6 Qxd1 14. Bxd1 1-0

[Event "CRO-chT U20 25th"]
[Site "Sv Filip i Jakov"]
[Date "2016.03.25"]
[Round "7.3"]
[White "Uran, Erik"]
[Black "Samardzic, Nikola"]
[Result "1/2-1/2"]
[WhiteElo "1598"]
[BlackElo "1750"]
[PlyCount "66"]
[EventDate "2016.03.21"]
[EventType "team-tourn"]
[EventRounds "9"]
[EventCountry "CRO"]
[SourceTitle "CBM 171 Extra"]
[Source "ChessBase"]
[SourceDate "2016.04.26"]
[SourceVersion "1"]
[SourceVersionDate "2016.04.26"]
[SourceQuality "1"]

1. d4 b6 2. e4 e6 3. Bd3 Bb7 4. f3 Ne7 5. Be3 Ng6 6. Ne2 Be7 7. Nbc3 0-0 8. Qd2 c5 9. 0-0 d6 10. Rad1 a6 11. a4 Qc7 12. b3 Nd7 13. Bc4 Nf6 14. d5 exd5 15. Nxd5 Nxd5 16. Bxd5 Rad8 17. Bxb7 Qxb7 18. Nf4 Nxf4 19. Bxf4 Rd7 20. c4 Rfd8 21. Qc2 Bf6 22. Rd3 Be5 23. Bxe5 dxe5 24. Rfd1 Rd4 25. Rxd4 Rxd4 26. Rxd4 cxd4 27. b4 Qc6 28. Qb3 Qd6 29. c5 bxc5 30. bxc5 Qxc5 31. Qb8+ Qf8 32. Qxe5 Qd8 33. Kf1 Kf8 1/2-1/2

[Event "Kastav Summer op"]
[Site "Kastav"]
[Date "2015.08.22"]
[Round "8"]
[White "Piacun, Eduard"]
[Black "Uran, Erik"]
[Result "1/2-1/2"]
[WhiteElo "1977"]
[BlackElo "1514"]
[PlyCount "136"]
[EventDate "2015.08.19"]
[EventType "swiss"]
[EventRounds "9"]
[EventCountry "CRO"]
[SourceTitle "EXT 2016"]
[Source "ChessBase"]
[SourceDate "2015.10.08"]
[SourceVersion "1"]
[SourceVersionDate "2015.10.08"]
[SourceQuality "1"]

1. d4 d5 2. c4 e6 3. Nf3 Nf6 4. Nc3 c6 5. Bf4 Be7 6. e3 Nbd7 7. cxd5 exd5 8. Bd3 0-0 9. Qc2 Re8 10. 0-0 Nf8 11. Ne5 Ng6 12. Bg3 c5 13. Nb5 Nh5 14. Nxg6 hxg6 15. dxc5 Nxg3 16. hxg3 a6 17. Nd4 Qa5 18. Rfc1 Bd7 19. a3 Rec8 20. b4 Qd8 21. Qb3 Bc6 22. a4 Bf6 23. b5 axb5 24. axb5 Rxa1 25. Rxa1 Be8 26. Rc1 Be7 27. c6 bxc6 28. bxc6 Bf6 29. Ba6 Rc7 30. Bb7 Bxd4 31. exd4 Qd6 32. Qe3 Re7 33. Qf4 Qxf4 34. gxf4 Rc7 35. Rc5 Kf8 36. Rxd5 Bxc6 37. Bxc6 Rxc6 38. Re5 Rc1+ 39. Kh2 Rd1 40. Rd5 Ke7 41. Kg3 Rd3+ 42. f3 Ke6 43. Re5+ Kd6 44. Re4 Kd7 45. Kf2 f5 46. Re2 Rxd4 47. Kg3 Rd6 48. Kh4 Rf6 49. Kg5 Rd6 50. Ra2 Ke7 51. Ra7+ Kf8 52. g4 Rf6 53. gxf5 Rxf5+ 54. Kxg6 Rxf4 55. Ra3 Rf6+ 56. Kg5 Kf7 57. f4 Rg6+ 58. Kf5 Rf6+ 59. Kg4 Rg6+ 60. Kf3 Rh6 61. Ra7+ Kf6 62. Ke4 Rh1 63. Ra6+ Kf7 64. Ke5 Re1+ 65. Kf5 Rb1 66. Ra7+ Kf8 67. Kg6 Rg1+ 68. Kf5 Rb1 1/2-1/2

[Event "Kastav Summer op"]
[Site "Kastav"]
[Date "2015.08.20"]
[Round "3"]
[White "Uran, Erik"]
[Black "Petrovic, David"]
[Result "0-1"]
[WhiteElo "1514"]
[BlackElo "1562"]
[PlyCount "48"]
[EventDate "2015.08.19"]
[EventType "swiss"]
[EventRounds "9"]
[EventCountry "CRO"]
[SourceTitle "EXT 2016"]
[Source "ChessBase"]
[SourceDate "2015.10.08"]
[SourceVersion "1"]
[SourceVersionDate "2015.10.08"]
[SourceQuality "1"]

1. d4 d5 2. c4 e6 3. Nc3 Nf6 4. Bg5 Be7 5. e3 Nbd7 6. Nf3 b6 7. cxd5 Nxd5 8. Bxe7 Qxe7 9. Nxd5 exd5 10. Bb5 0-0 11. Bc6 Rb8 12. Bxd5 Nf6 13. Bb3 Ba6 14. Ne5 Ne4 15. a3 c5 16. Qf3 Ng5 17. Qg3 cxd4 18. Nc6 Qe4 19. Bxf7+ Nxf7 20. Nxb8 Bb5 21. Nd7 Qc2 22. Nf6+ Kh8 23. Qf3 Ne5 24. Qd1 Nd3+ 0-1

[Event "CRO-chT U20 24th"]
[Site "Sv Filip i Jakov"]
[Date "2015.03.31"]
[Round "3.2"]
[White "Plenca, Jadranko"]
[Black "Uran, Erik"]
[Result "1-0"]
[WhiteElo "2322"]
[BlackElo "1515"]
[PlyCount "55"]
[EventDate "2015.03.30"]
[EventType "team-tourn"]
[EventRounds "11"]
[EventCountry "CRO"]
[SourceTitle "CBM 165 Extra"]
[Source "ChessBase"]
[SourceDate "2015.04.21"]
[SourceVersion "1"]
[SourceVersionDate "2015.04.21"]
[SourceQuality "1"]

1. e4 e5 2. Nf3 Nc6 3. Nc3 Nf6 4. d4 exd4 5. Nxd4 Bb4 6. Nxc6 bxc6 7. Bd3 0-0 8. 0-0 Re8 9. Qf3 Bxc3 10. bxc3 d5 11. exd5 Qxd5 12. Qg3 Nh5 13. Qxc7 Bg4 14. Be3 Rec8 15. Qe7 Nf6 16. Bd4 Re8 17. Qb4 a5 18. Qa4 Nh5 19. Be3 Bf5 20. Be2 Nf6 21. Rad1 Qe6 22. Bf3 Ne4 23. Qa3 Qg6 24. Rd4 Ng5 25. Bxg5 Qxg5 26. Bxc6 Bh3 27. Bf3 Re2 28. Bxa8 1-0

[Event "CRO-chT U20 24th"]
[Site "Sv Filip i Jakov"]
[Date "2015.03.30"]
[Round "2.5"]
[White "Radenic, Filip"]
[Black "Uran, Erik"]
[Result "1-0"]
[WhiteElo "1824"]
[BlackElo "1515"]
[PlyCount "79"]
[EventDate "2015.03.30"]
[EventType "team-tourn"]
[EventRounds "11"]
[EventCountry "CRO"]
[SourceTitle "CBM 165 Extra"]
[Source "ChessBase"]
[SourceDate "2015.04.21"]
[SourceVersion "1"]
[SourceVersionDate "2015.04.21"]
[SourceQuality "1"]

1. c4 e6 2. d4 d5 3. Nc3 Nf6 4. Bg5 Be7 5. Nf3 0-0 6. e3 c6 7. Bd3 Nbd7 8. 0-0 dxc4 9. Bxc4 Nd5 10. Bxe7 Qxe7 11. Rc1 Nxc3 12. bxc3 e5 13. Qc2 e4 14. Nd2 Nf6 15. Rb1 b5 16. Be2 Bf5 17. a4 a6 18. Ra1 Rfe8 19. Rfb1 Ng4 20. h3 Nh6 21. Nf1 Bg6 22. Ng3 Nf5 23. Nxf5 Bxf5 24. Qa2 Be6 25. Qa3 Qxa3 26. Rxa3 Reb8 27. f3 Bf5 28. Rba1 b4 29. cxb4 Rxb4 30. Rc3 Rb2 31. Bd1 Rc8 32. Rac1 exf3 33. Bxf3 Ra2 34. Rxc6 Rxc6 35. Bxc6 Kf8 36. e4 Bc8 37. Bd5 Rxa4 38. Rxc8+ Ke7 39. Rc7+ Kd6 40. Rxf7 1-0

[Event "CRO-ch Top 10 U16"]
[Site "Rijeka"]
[Date "2015.01.05"]
[Round "6"]
[White "Troselj, Ivan"]
[Black "Uran, Erik"]
[Result "0-1"]
[WhiteElo "1471"]
[BlackElo "1515"]
[PlyCount "74"]
[EventDate "2015.01.03"]
[EventType "swiss"]
[EventRounds "6"]
[EventCountry "CRO"]
[SourceTitle "CBM 164 Extra"]
[Source "ChessBase"]
[SourceDate "2015.03.02"]
[SourceVersion "1"]
[SourceVersionDate "2015.03.02"]
[SourceQuality "1"]

1. e4 Nc6 2. d4 d5 3. exd5 Qxd5 4. Nf3 Bg4 5. Be2 0-0-0 6. Be3 e5 7. c4 Bb4+ 8. Nc3 Qa5 9. d5 Nce7 10. Nxe5 Bxc3+ 11. Bd2 Bxd2+ 12. Qxd2 Qxd2+ 13. Kxd2 Bxe2 14. Kxe2 Nh6 15. Rhe1 Rhe8 16. Kf1 f6 17. Nd3 c6 18. Nc5 Nef5 19. dxc6 Rxe1+ 20. Rxe1 bxc6 21. h3 Rd2 22. g4 Nd6 23. Re7 Nhf7 24. Rxa7 Rxb2 25. Ra6 Ne5 26. f4 Nexc4 27. Rxc6+ Kd8 28. Ra6 Kc7 29. Ra8 Kc6 30. Ne6 Kd5 31. Nxg7 Ke4 32. Nh5 Kf3 33. Kg1 Rg2+ 34. Kf1 Rh2 35. Kg1 Rg2+ 36. Kf1 Ne3+ 37. Ke1 Re2# 0-1

[Event "CRO-ch Top 10 U16"]
[Site "Rijeka"]
[Date "2015.01.03"]
[Round "2"]
[White "Radikovic, Anamarija"]
[Black "Uran, Erik"]
[Result "1/2-1/2"]
[WhiteElo "1475"]
[BlackElo "1515"]
[PlyCount "70"]
[EventDate "2015.01.03"]
[EventType "swiss"]
[EventRounds "6"]
[EventCountry "CRO"]
[SourceTitle "CBM 164 Extra"]
[Source "ChessBase"]
[SourceDate "2015.03.02"]
[SourceVersion "1"]
[SourceVersionDate "2015.03.02"]
[SourceQuality "1"]

1. e4 e5 2. Nf3 Nc6 3. d4 exd4 4. Nxd4 Nge7 5. Bc4 Nxd4 6. Qxd4 Nc6 7. Qd5 Qf6 8. a3 Qe6 9. Qd3 Ne5 10. Bxe6 Nxd3+ 11. cxd3 dxe6 12. Nc3 a6 13. Be3 Bd7 14. Rc1 Rc8 15. Ne2 f6 16. f4 Bd6 17. 0-0 0-0 18. Rc3 b6 19. b4 c5 20. bxc5 Bxc5 21. d4 Be7 22. Rfc1 Rxc3 23. Rxc3 Rc8 24. Rxc8+ Bxc8 25. d5 exd5 26. exd5 Bxa3 27. Bxb6 Bb7 28. Nc3 Bb4 29. Na2 Bd2 30. d6 Bc8 31. Kf2 Bxf4 32. Bc7 Be6 33. Nb4 Bc4 34. g3 Be5 35. Nc6 Bb5 1/2-1/2

[Event "CRO-ch Top 10 U16"]
[Site "Rijeka"]
[Date "2015.01.03"]
[Round "1"]
[White "Uran, Erik"]
[Black "Tomulic, Teo"]
[Result "0-1"]
[WhiteElo "1515"]
[BlackElo "2010"]
[PlyCount "98"]
[EventDate "2015.01.03"]
[EventType "swiss"]
[EventRounds "6"]
[EventCountry "CRO"]
[SourceTitle "CBM 164 Extra"]
[Source "ChessBase"]
[SourceDate "2015.03.02"]
[SourceVersion "1"]
[SourceVersionDate "2015.03.02"]
[SourceQuality "1"]

1. d4 d5 2. c4 e6 3. Nc3 Nf6 4. Bg5 Nbd7 5. e3 c6 6. a3 Bd6 7. Nf3 0-0 8. cxd5 exd5 9. Bd3 b6 10. 0-0 Bb7 11. Rc1 Rc8 12. Qe2 c5 13. Ba6 Bxa6 14. Qxa6 h6 15. Bh4 g5 16. Bg3 Bxg3 17. hxg3 Ra8 18. Rfd1 c4 19. Ne5 Qe7 20. Qb7 Rfb8 21. Qc7 Qe6 22. Qc6 Nxe5 23. Qxe6 fxe6 24. dxe5 Ng4 25. Nb5 Rb7 26. Nd4 Kf7 27. Nb5 Rd7 28. Rxc4 Nxe5 29. Rc3 a6 30. Nd4 Nc4 31. Rc2 b5 32. Nf3 Rb7 33. Nd2 Kf6 34. Nxc4 bxc4 35. Rdd2 Rab8 36. Kf1 Ke5 37. f3 Rb3 38. Ke2 a5 39. e4 a4 40. Kf2 Rc8 41. exd5 exd5 42. f4+ Ke4 43. Re2+ Kd4 44. Red2+ Rd3 45. f5 g4 46. Kg1 Rf8 47. Rxd3+ cxd3 48. Rf2 Ke3 49. Kf1 d2 0-1

[Event "Rijeka Liburnija op"]
[Site "Rijeka"]
[Date "2014.01.21"]
[Round "6"]
[White "Troselj, Ivan"]
[Black "Uran, Erik"]
[Result "1/2-1/2"]
[WhiteElo "1798"]
[BlackElo "1523"]
[PlyCount "60"]
[EventDate "2014.01.17"]
[EventType "swiss"]
[EventRounds "9"]
[EventCountry "CRO"]
[SourceTitle "CBM 158 Extra"]
[Source "ChessBase"]
[SourceDate "2014.02.28"]
[SourceVersion "1"]
[SourceVersionDate "2014.02.28"]
[SourceQuality "1"]

1. e4 e5 2. Nf3 Nc6 3. Bc4 Be7 4. 0-0 Nf6 5. Nc3 0-0 6. d4 d6 7. dxe5 dxe5 8. Bb5 Qxd1 9. Rxd1 Bd6 10. Be3 Bg4 11. h3 Bd7 12. Nd5 Nxd5 13. exd5 Nb8 14. Bc4 Bf5 15. Rd2 Nd7 16. Re1 f6 17. Nh4 Bg6 18. Nxg6 hxg6 19. Bb5 Nc5 20. Red1 a6 21. Bc4 b5 22. Bxc5 Bxc5 23. Bb3 Kh8 24. Re1 Rfd8 25. Re4 Rd6 26. Rd3 Re8 27. Rc3 Bb6 28. Rc6 g5 29. g3 Rxc6 30. dxc6 Rd8 1/2-1/2

[Event "Mediterranean op 6th"]
[Site "Rijeka"]
[Date "2013.12.04"]
[Round "6"]
[White "Uran, Erik"]
[Black "Troselj, Ivan"]
[Result "1-0"]
[WhiteElo "1701"]
[BlackElo "1898"]
[PlyCount "66"]
[EventDate "2013.11.30"]
[EventType "swiss"]
[EventRounds "9"]
[EventCountry "CRO"]
[SourceTitle "CBM 157 Extra"]
[Source "ChessBase"]
[SourceDate "2013.12.19"]
[SourceVersion "1"]
[SourceVersionDate "2013.12.19"]
[SourceQuality "1"]

1. d4 d5 2. c4 dxc4 3. e3 Bf5 4. Bxc4 e6 5. Nf3 Nc6 6. Nc3 Bb4 7. 0-0 Nf6 8. Ne2 0-0 9. Ng3 Bg4 10. h3 Bxf3 11. Qxf3 Qd6 12. a3 Ba5 13. b4 Bb6 14. Bb2 a5 15. b5 Ne7 16. Rfd1 c6 17. e4 Qd7 18. e5 Nfd5 19. a4 cxb5 20. Bxb5 Nc6 21. h4 Qe7 22. h5 Qb4 23. Ba3 Qc3 24. Bxf8 Qxf3 25. gxf3 Nc3 26. Bxc6 Rxf8 27. Bxb7 Nxd1 28. Rxd1 Rb8 29. Ba6 Rc8 30. Bxc8 g6 31. hxg6 hxg6 32. Ne2 Kg7 33. Rb1 Bd8 1-0

[Event "Mediterranean op 6th"]
[Site "Rijeka"]
[Date "2013.12.02"]
[Round "4"]
[White "Uran, Erik"]
[Black "Gasparac, Karlo"]
[Result "1/2-1/2"]
[WhiteElo "1701"]
[BlackElo "1590"]
[PlyCount "40"]
[EventDate "2013.11.30"]
[EventType "swiss"]
[EventRounds "9"]
[EventCountry "CRO"]
[SourceTitle "CBM 157 Extra"]
[Source "ChessBase"]
[SourceDate "2013.12.19"]
[SourceVersion "1"]
[SourceVersionDate "2013.12.19"]
[SourceQuality "1"]

1. Nf3 d5 2. c4 c6 3. cxd5 cxd5 4. d4 e6 5. Bf4 Nc6 6. e3 a6 7. a3 Nf6 8. Nc3 Bd7 9. Bd3 Be7 10. 0-0 0-0 11. Rc1 Qb6 12. Qe2 Rac8 13. Na4 Qa7 14. Nc5 Bxc5 15. Rxc5 Ne7 16. Bd6 Rfe8 17. Bxe7 Rxe7 18. Rxc8+ Bxc8 19. Rc1 Qb8 20. Qc2 Re8 1/2-1/2